Historia del arte moderno (Record no. 25913)
[ view plain ]
| 000 -LEADER | |
|---|---|
| campo de control de longitud fija | 00788nam a2200217 i 4500 |
| 001 - NÚMERO DE CONTROL | |
| campo de control | 25913 |
| 003 - IDENTIFICADOR DE NÚMERO DE CONTROL | |
| campo de control | ES-MaACL |
| 005 - FECHA Y HORA DE LA ÚLTIMA TRANSACCIÓN | |
| campo de control | 20250831121907.0 |
| 007 - CAMPO FIJO DE DESCRIPCIÓN FÍSICA--INFORMACIÓN GENERAL | |
| campo de control de longitud fija | t| |
| 008 - DATOS DE LONGITUD FIJA--INFORMACIÓN GENERAL | |
| campo de control de longitud fija | 030103s1972 sp a |||| | spa d |
| 100 1# - ENTRADA PRINCIPAL--NOMBRE DE PERSONA | |
| Nombre de persona | Arnason, H. H. |
| 9 (RLIN) | 23046 |
| 245 10 - MENCIÓN DEL TÍTULO | |
| Título | Historia del arte moderno |
| Resto del título | : pintura, escultura, arquitectura / |
| Mención de responsabilidad, etc. | H. H. Arnason ; [traducción de E. Mascaró Porcar y J. Massot Gimeno ; bajo la dirección de M. Tamayo]. |
| 260 ## - PUBLICACIÓN, DISTRIBUCIÓN, ETC. | |
| Lugar de publicación, distribución, etc. | Madrid, etc. : |
| Nombre del editor, distribuidor, etc. | Daimon Manuel Tamayo, |
| Fecha de publicación, distribución, etc. | 1972. |
| 300 ## - DESCRIPCIÓN FÍSICA | |
| Extensión | 660 p., 60 lám. col. : |
| Otras características físicas | il. ; |
| Dimensiones | 30 cm. |
| 650 #7 - PUNTO DE ACCESO ADICIONAL DE MATERIA--TÉRMINO DE MATERIA | |
| Término de materia o nombre geográfico como elemento de entrada | Arte- |
| Subdivisión cronológica | S.XX |
| Fuente del encabezamiento o término | |
| 9 (RLIN) | 141916 |
| 700 1# - ENTRADA AGREGADA--NOMBRE PERSONAL | |
| Nombre de persona | Mascaró, Ernesto. |
| 9 (RLIN) | 78682 |
| 700 1# - ENTRADA AGREGADA--NOMBRE PERSONAL | |
| Nombre de persona | Massot Gimeno, Juan. |
| 9 (RLIN) | 78859 |
| 700 1# - ENTRADA AGREGADA--NOMBRE PERSONAL | |
| Nombre de persona | Tamayo, Manuel, |
| Fechas asociadas al nombre | 1917-1977 |
| 9 (RLIN) | 160966 |
| 852 ## - LOCALIZACIÓN | |
| Ubicación | ES-MaACL |
| Número de control de estantería | C-42899 |
| Estatus retirado | Estado de pérdida | Estado de daño | No para préstamo | Biblioteca de origen | Biblioteca actual | Ubicación en estantería | Fecha de adquisición | Fuente de adquisición | Total de préstamos | Signatura topográfica completa | Código de barras | Visto por última vez | Precio de reemplazo | Tipo de ítem Koha |
|---|---|---|---|---|---|---|---|---|---|---|---|---|---|---|
| Biblioteca del Ateneo de Madrid | Biblioteca del Ateneo de Madrid | Depósito 2 | 17/01/2008 | C-42899 | 1026733 | 23/02/2023 | 23/02/2023 | Libro impreso |
